| 000 | 00950nam a2200241 a 4500 | ||
|---|---|---|---|
| 001 | 47388 | ||
| 003 | BD-RjUL | ||
| 005 | 20211209054315.0 | ||
| 008 | 160808s1973 beg||||| |||| 00| 0 eng d | ||
| 020 | _c: Tk.18.00 | ||
| 035 | _a(BD-RjUL)47507 | ||
| 040 |
_aBD-RjUL _bben _cBD-RjUL |
||
| 041 | _aben | ||
| 082 |
_223 _a338.91 _bSHA 1973 |
||
| 100 | 1 |
_aসুম্পিটার, জোসেফ এ. _9144151 |
|
| 245 | 1 |
_aঅর্থনৈতিক উন্নয়ন মতবাদ / _cজোসেফ এ.সুম্পিটার ; তোফাজ্জল হোসেন |
|
| 260 |
_aঢাকা _bবাংলা একাডেমী _c১৯৭৩. |
||
| 300 |
_a৩১৪পৃ _c২১ সেমি |
||
| 650 |
_aঅর্থনৈতিক উন্নয়ন _vমতবাদ _9144152 |
||
| 650 |
_aEconomic development _vtheory _9144153 |
||
| 700 |
_aহোসেন,তোফাজ্জল _9144154 |
||
| 942 |
_2ddc _cBK |
||
| 999 |
_c47388 _d47388 |
||